000 01036nam a22002657a 4500
005 20240530110513.0
008 151216s2013 ua ad g b 000 0 ara d
017 _a2013/23258
_bمصر . دار الكتب المصرية
020 _a9789776413382
040 _aEG-CaGPL
082 0 4 _221
_a371.89\
_bع ت
100 0 _aعلاءالدين يحيى مغازى
245 1 2 _aالتخطيط لدعم الانشطة التربوية /
_cعلاءالدين يحيى مغازى
250 _aط1
260 _aالاسكندرية :
_bدار الوفاء لدنيا الطباعة و النشر ،
_c2013 .
300 _a618 ص :
_bجداول ؛
_c24 سم .
504 _aيشتمل على ارجاعات ببليوجرافية
650 0 4 _aالتخطيط الاجتماعى
650 0 4 _aالتنمية الاجتماعية
650 0 4 _aالانشطة التربوية
650 0 4 _aالطلبة
_xنشاط
650 0 4 _aالانشطة الطلابية
942 _2ddc
_cBK
999 _c61716
_d61716